<?xml version="1.0" encoding="UTF-8"?>
<record
    xmlns:xsi="http://www.w3.org/2001/XMLSchema-instance"
    xsi:schemaLocation="http://www.loc.gov/MARC21/slim http://www.loc.gov/standards/marcxml/schema/MARC21slim.xsd"
    xmlns="http://www.loc.gov/MARC21/slim">

  <leader>01304nam0a2200277   4500</leader>
  <controlfield tag="001">RU\NLR\BIBL_A\010918687</controlfield>
  <controlfield tag="005">20260405095529.0</controlfield>
  <datafield tag="010" ind1=" " ind2=" ">
    <subfield code="a">5-88407-054-3</subfield>
    <subfield code="9">500</subfield>
  </datafield>
  <datafield tag="035" ind1=" " ind2=" ">
    <subfield code="a">(NLR Aleph) 010918687</subfield>
  </datafield>
  <datafield tag="090" ind1=" " ind2=" ">
    <subfield code="a">10666036</subfield>
    <subfield code="c">10666036</subfield>
  </datafield>
  <datafield tag="100" ind1=" " ind2=" ">
    <subfield code="a">20151204d2004    |||y0rusy50      ca</subfield>
  </datafield>
  <datafield tag="101" ind1="0" ind2=" ">
    <subfield code="a">rus</subfield>
  </datafield>
  <datafield tag="102" ind1=" " ind2=" ">
    <subfield code="a">RU</subfield>
  </datafield>
  <datafield tag="105" ind1=" " ind2=" ">
    <subfield code="a">y   z   000ay</subfield>
  </datafield>
  <datafield tag="200" ind1="1" ind2=" ">
    <subfield code="a">&#x412;&#x435;&#x442;&#x43A;&#x430; &#x441;&#x438;&#x440;&#x435;&#x43D;&#x438; &#x43D;&#x430; &#x43C;&#x43E;&#x43A;&#x440;&#x43E;&#x43C; &#x430;&#x441;&#x444;&#x430;&#x43B;&#x44C;&#x442;&#x435;</subfield>
    <subfield code="e">&#x43F;&#x43E;&#x432;&#x435;&#x441;&#x442;&#x438;, &#x440;&#x430;&#x441;&#x441;&#x43A;&#x430;&#x437;&#x44B;, &#x43F;&#x443;&#x442;&#x435;&#x432;&#x44B;&#x435; &#x437;&#x430;&#x43C;&#x435;&#x442;&#x43A;&#x438;</subfield>
    <subfield code="f">&#x411;&#x43E;&#x440;&#x438;&#x441; &#x411;&#x435;&#x43C;</subfield>
  </datafield>
  <datafield tag="210" ind1=" " ind2=" ">
    <subfield code="a">&#x41A;&#x435;&#x43B;&#x44C;&#x43D;</subfield>
    <subfield code="c">[&#x431;.&#x438;.]</subfield>
    <subfield code="a">&#x421;&#x430;&#x43D;&#x43A;&#x442;-&#x41F;&#x435;&#x442;&#x435;&#x440;&#x431;&#x443;&#x440;&#x433;</subfield>
    <subfield code="c">&#x414;&#x438;&#x437;&#x430;&#x439;&#x43D;</subfield>
    <subfield code="d">2004</subfield>
  </datafield>
  <datafield tag="215" ind1=" " ind2=" ">
    <subfield code="a">179 &#x441;.</subfield>
    <subfield code="d">20</subfield>
  </datafield>
  <datafield tag="300" ind1=" " ind2=" ">
    <subfield code="a">&#x41D;&#x430; &#x43E;&#x431;&#x43E;&#x440;&#x43E;&#x442;&#x435; &#x442;&#x438;&#x442;. &#x43B;. &#x430;&#x432;&#x442;.: &#x41C;&#x435;&#x439;&#x442;&#x438;&#x43D; (&#x411;&#x415;&#x41C;) &#x411;&#x43E;&#x440;&#x438;&#x441; &#x41C;&#x438;&#x445;&#x430;&#x439;&#x43B;&#x43E;&#x432;&#x438;&#x447;</subfield>
  </datafield>
  <datafield tag="327" ind1="1" ind2=" ">
    <subfield code="a">&#x421;&#x43E;&#x434;&#x435;&#x440;&#x436;.: &#x421;&#x438;&#x43D;&#x434;&#x440;&#x43E;&#x43C; &#x43E;&#x442;&#x44A;&#x435;&#x437;&#x436;&#x430;&#x44E;&#x449;&#x435;&#x439; &#x43A;&#x43E;&#x439;&#x43A;&#x438;; &#x412;&#x435;&#x442;&#x43A;&#x430; &#x441;&#x438;&#x440;&#x435;&#x43D;&#x438; &#x43D;&#x430; &#x43C;&#x43E;&#x43A;&#x440;&#x43E;&#x43C; &#x430;&#x441;&#x444;&#x430;&#x43B;&#x44C;&#x442;&#x435;; &#x421;&#x430;&#x434; &#x437;&#x430;&#x43A;&#x440;&#x44B;&#x442; &#x43D;&#x430; &#x43F;&#x440;&#x43E;&#x441;&#x443;&#x448;&#x43A;&#x443;; &#x414;&#x432;&#x435;&#x441;&#x442;&#x438; &#x441;&#x442;&#x440;&#x43E;&#x43A; &#x432; &#x43D;&#x43E;&#x43C;&#x435;&#x440;; &#x420;&#x430;&#x431;&#x43E;&#x442;&#x430; &#x43D;&#x430;&#x434; &#x43E;&#x448;&#x438;&#x431;&#x43A;&#x430;&#x43C;&#x438; &#x438;&#x43B;&#x438; &#x411;&#x43E;&#x43C;&#x431;&#x430; &#x434;&#x43B;&#x44F; &#x432;&#x43E;&#x436;&#x434;&#x44F;; &#x422;&#x430;&#x439;&#x43D;&#x430; &#x433;&#x440;&#x430;&#x444;&#x438;&#x43D;&#x438; &#x410;&#x43B;&#x44F;&#x431;&#x44C;&#x435;&#x432;&#x43E;&#x439;</subfield>
  </datafield>
  <datafield tag="686" ind1="2" ind2=" ">
    <subfield code="a">&#x428;6(2=&#x420;)6-4</subfield>
  </datafield>
  <datafield tag="700" ind1=" " ind2="1">
    <subfield code="7">ca</subfield>
    <subfield code="8">rus</subfield>
    <subfield code="a">&#x411;&#x435;&#x43C;</subfield>
    <subfield code="b">&#x411;.</subfield>
    <subfield code="f">1946-</subfield>
    <subfield code="g">&#x411;&#x43E;&#x440;&#x438;&#x441;</subfield>
    <subfield code="3">RU\NLR\AUTH\7735946</subfield>
    <subfield code="9">18940</subfield>
  </datafield>
  <datafield tag="942" ind1=" " ind2=" ">
    <subfield code="c">BOOK</subfield>
  </datafield>
  <datafield tag="980" ind1=" " ind2=" ">
    <subfield code="a">NB</subfield>
  </datafield>
  <datafield tag="995" ind1=" " ind2=" ">
    <subfield code="5">2015-12-04</subfield>
    <subfield code="a">ab</subfield>
    <subfield code="b">NLR01</subfield>
    <subfield code="c">NLR01</subfield>
    <subfield code="e">RF9</subfield>
    <subfield code="f">1-1127099</subfield>
    <subfield code="k">2015-3/39554</subfield>
    <subfield code="o">0</subfield>
    <subfield code="p">200.00</subfield>
    <subfield code="r">BOOK</subfield>
    <subfield code="s">2015339554_</subfield>
  </datafield>
  <datafield tag="995" ind1=" " ind2=" ">
    <subfield code="5">2015-12-04</subfield>
    <subfield code="a">ab</subfield>
    <subfield code="b">NLR01</subfield>
    <subfield code="c">NLR01</subfield>
    <subfield code="e">RF9</subfield>
    <subfield code="f">1-1127103</subfield>
    <subfield code="k">2015-3/39554</subfield>
    <subfield code="o">0</subfield>
    <subfield code="p">200.00</subfield>
    <subfield code="r">BOOK</subfield>
    <subfield code="s">2015339554_</subfield>
  </datafield>
</record>
